The international journal of psychiatry in medicine

Detalles Bibliográficos
Título anterior:Psychiatry in medicine
Formato: Electrónico Revista
Lenguaje:inglés
Publicado: [Farmingdale, N.Y.] : Baywood Publishing Company
[Thousand Oaks, CA] : Sage Publications
Materias:
Acceso en línea:Full text available from Research Library: 01/01/1999 to 07/31/2008

MARC

LEADER 00000nas a22000007a 4500
001 ssj0021108
003 WaSeSS
005 20200512172242.0
006 m d
007 cr n
008 020813c19739999nyubx pss 0 a0eng c
010 |a  2002214600 
022 |a 1541-3527  |l 0091-2174  |y 0091-2174 
035 |a (WaSeSS)ssj0021108 
037 |b Baywood Publishing Company, Inc., 26 Austin Ave., Amityville, NY 11701  |c $237.00 (institutions)  |c $65.00 (individuals) 
037 |b Sage Publications, Inc., 2455 Teller Rd, Thousand Oaks, CA 91320 United States 
040 |a NSD  |b eng  |c NSD  |d OCLCQ  |d MUQ  |d LGG  |d OCLCQ  |d GUA  |d OCLCQ  |d OCLCF  |d OCLCO  |d TXA  |d OCLCQ  |d KSU  |d VT2  |d WaSeSS 
042 |a nsdp  |a pcc 
050 1 4 |a RC321  |b .P96 
082 1 0 |a 616  |2 13 
130 0 |a International journal of psychiatry in medicine (Online) 
210 0 |a Int. j. psychiatry med.  |b (Online) 
222 4 |a The international journal of psychiatry in medicine  |b (Online) 
245 1 4 |a The international journal of psychiatry in medicine  |h [electronic resource]. 
246 1 |a IJPM 
260 |3 1973-July 2014 :  |a [Farmingdale, N.Y.] :  |b Baywood Publishing Company 
260 3 |3 August 2014- :  |a [Thousand Oaks, CA] :  |b Sage Publications 
310 |a Eight no. a year,  |b 2011- 
321 |a Quarterly,  |b 1973-2010 
362 1 |a Print began with vol. 4(1) (March 1973). 
506 |a License restrictions may limit access. 
538 |a Mode of access: World Wide Web. 
588 |a Description based on: Vol. 31, no. 3 (September 2002); title from journal home page (viewed Aug. 13, 2002). 
588 |a Latest issue consulted: Volume 50, number 4 (November 2015) (SAGE publications, viewed March 25, 2016). 
650 0 |a Psychiatry  |v Periodicals. 
650 0 |a Sick  |x Psychology  |v Periodicals. 
650 0 |a Medicine, Psychosomatic  |v Periodicals. 
650 6 |a Psychiatrie  |v Périodiques. 
650 6 |a Malades mentaux  |x Soins  |v Périodiques. 
650 6 |a Malades  |x Psychologie  |v Périodiques. 
650 7 |a Medicine, Psychosomatic.  |2 fast  |0 (OCoLC)fst01015356 
650 7 |a Psychiatry.  |2 fast  |0 (OCoLC)fst01081152 
650 7 |a Sick  |x Psychology.  |2 fast  |0 (OCoLC)fst01118051 
655 0 |a Electronic journals. 
776 0 8 |i Print version:  |t International journal of psychiatry in medicine  |x 0091-2174  |w (DLC) 76647835  |w (OCoLC)1778043 
780 0 0 |t Psychiatry in medicine  |w (OCoLC)435529401 
856 4 0 |z Full text available from Research Library: 01/01/1999 to 07/31/2008  |u https://search.proquest.com/publication/33391